000 00594nam a2200217Ia 4500
005 20241129120212.0
008 241129s9999||||xx |||||||||||||| ||und||
020 _a9781647254445
037 _aTB
040 _aSDCL
_beng
_cSDCL
041 _aeng
_2eng
084 _aS, R3
_qSDCL
100 _aReynolds Griffin
_9729414
245 0 _aMental Representation and Cognitive Analysis in Semantics: Volume 1
260 _aNew York
_bNY Research Press
_c2023
300 _avi,232p.
365 _aUSD
_b157
650 _aPsychology
942 _cTB
_hS, R3
999 _c1233783
_d1233783